| 000 | 00000nas##2200000za#4500 |
| 001 | 9.509052 |
| 003 | CaOODSP |
| 005 | 20210615082504 |
| 007 | ta |
| 008 | 150406c1994||||xxc|| m #||||f| |0eng|d |
| 040 | |aCaOODSP|beng |
| 041 | |aeng |
| 041 | |afre |
| 043 | |an-cn--- |
| 086 | 1 |aC21-24 |
| 110 | 1 |aCanada.|bIndustry Canada. |bMicro-Economic Analysis Directorate. |
| 245 | 10|aWorking paper |
| 260 | |bIndustry Canada. |
| 310 | |aIrregular |
| 362 | 1 |aNo. 1 (1994)-- |
| 563 | |aSoftcover |
| 776 | 0#|tDocument de travail |w(CaOODSP)9.501123 |
| 776 | 0#|tWorking paper |w(CaOODSP)9.504711 |
| 780 | 00|tWorking paper series |w(CaOODSP)9.514439 |
| 792 | |tDocuments de travail |efre|w(CaOODSP)9.509053 |